000
00302nam a2200121Ia 4500
008
211105s9999 xx 000 0 und d
020
_a
VYASA04860
100
_a
Digambarji Swami Raghunatha Shastri Kokaje
245
0
_a
Hathapradipika
250
_a
\N
260
_b
Shri O. P. Tiwari
_c
\N
300
_a
251p.
999
_c
8089
_d
8089